Vista normal
Vista MARC
- Personas homosexuales
Entrada Materia
Número de registros utilizados en: 13
001 - NÚMERO DE CONTROL DEL REGISTRO
- campo de control: 189
003 - IDENTIFICADOR DE NUMERO DE CONTROL
- campo de control: UPN
005 - FECHA Y HORA DE LA ÚLTIMA TRANSACCIÓN
- campo de control: 20250808123235.0
008 - DATOS DE LONGITUD FIJA
- campo de control de longitud fija: 230315nn fnnnnbaba n ana |d
035 ## - NÚMERO DE CONTROL DEL SISTEMA
- Número de control del sistema: UPN10000000189
040 ## - FUENTE DE LA CATALOGACIÓN
- Lengua de catalogación: spa
- Agencia de transcripción: MX-MxUPN
- Centro catalogador de origen: MX-MxUPN
046 ## - FECHAS CON CODIFICACIÓN ESPECIAL
- Fecha final para contenidos agregados: 2023
150 ## - ENCABEZAMIENTO - TEMÁTICO
- Término de materia o nombre geográfico como elemento inicial: Personas homosexuales
- Subdivisión de materia general: Condiciones sociales
670 ## - FUENTE EN LA QUE SE LOCALIZARON DATOS
- Cita de la fuente: LC Subject headings, 2022:
- Información localizada: G-59 (Gays)
670 ## - FUENTE EN LA QUE SE LOCALIZARON DATOS
- Cita de la fuente: LC Subject headings, 2022:
- Información localizada: SD-74 (Subdivisión flotante: Social conditions)
902 ## - CATALOGADOR
- Catalogador: BDV/190603
902 ## - CATALOGADOR
- Catalogador: VíctorGodínez/150323